[Event "Aragon-chT Honor Gr-I"]
[Site "Aragon"]
[Date "2020.02.08"]
[Round "3.18"]
[White "Escartin Lacasa, Jose"]
[Black "Ramo Frontinan, Cristobal"]
[Result "0-1"]
[WhiteElo "2125"]
[BlackElo "2318"]
[PlyCount "160"]
[EventDate "2020.01.25"]
[EventType "team-tourn"]
[EventRounds "7"]
[EventCountry "ESP"]
[SourceTitle "EXT 2022"]
[Source "ChessBase"]
[SourceDate "2021.10.06"]
[SourceVersion "1"]
[SourceVersionDate "2021.10.06"]
[SourceQuality "1"]
[WhiteTeam "Jaque"]
[BlackTeam "El Olivar"]
[WhiteTeamCountry "ESP"]
[BlackTeamCountry "ESP"]

1. Nf3 d6 2. d4 g6 3. c4 Bg7 4. Nc3 Nd7 5. e4 e5 6. Be2 Ngf6 7. 0-0 0-0 8. Be3 exd4 9. Nxd4 Re8 10. Qc2 Nc5 11. f3 a5 12. Rfd1 Qe7 13. a3 c6 14. b4 axb4 15. axb4 Rxa1 16. Rxa1 Ne6 17. Rd1 Nh5 18. Qd2 Be5 19. Nxe6 Bxe6 20. f4 Bxc3 21. Qxc3 Nf6 22. Bf3 Bg4 23. e5 dxe5 24. fxe5 Ne4 25. Qd4 Bxf3 26. gxf3 Ng5 27. Qg4 Ne6 28. b5 Ng7 29. Qe4 Nf5 30. bxc6 bxc6 31. f4 Qe6 32. Bf2 Ra8 33. Qd3 Ra4 34. Bc5 Ra8 35. Qd8+ Qe8 36. Qxe8+ Rxe8 37. Rd7 h5 38. Rc7 Re6 39. Kf2 f6 40. exf6 Rxf6 41. Kf3 Re6 42. Kf2 Re4 43. Rxc6 Rxf4+ 44. Ke2 Rxc4 45. Kd3 Rg4 46. h3 Rg3+ 47. Ke4 Kf7 48. Rc7+ Kf6 49. Rc6+ Kg5 50. h4+ Nxh4 51. Be3+ Kg4 52. Rf6 g5 53. Rf8 Ng2 54. Bd2 h4 55. Rf5 Kh5 56. Rf8 h3 57. Rh8+ Kg6 58. Bc1 Rg4+ 59. Kf3 Rh4 60. Rxh4 Nxh4+ 61. Kg3 g4 62. Bf4 Kh5 63. Bc7 Nf5+ 64. Kh2 Kg5 65. Be5 Kg6 66. Bc7 Kf7 67. Kg1 Ke6 68. Kh2 Kd5 69. Kg1 Nd6 70. Kh2 Ne4 71. Kg1 Kc4 72. Kh2 Kd3 73. Bb8 Ke2 74. Bc7 Kf3 75. Be5 Nd2 76. Bc7 Nf1+ 77. Kg1 g3 78. Kh1 Ne3 79. Kg1 Ng4 80. Kh1 Nf2+ 0-1

[Event "Aragon-chT Honor Gr-A"]
[Site "Aragon"]
[Date "2019.01.26"]
[Round "1.10"]
[White "Dominguez Bujeda, Jesus"]
[Black "Ramo Frontinan, Cristobal"]
[Result "1/2-1/2"]
[WhiteElo "2062"]
[BlackElo "2328"]
[PlyCount "77"]
[EventDate "2019.01.26"]
[EventType "team-tourn"]
[EventRounds "7"]
[EventCountry "ESP"]
[SourceTitle "EXT 2020"]
[Source "ChessBase"]
[SourceDate "2019.10.17"]
[SourceVersion "1"]
[SourceVersionDate "2019.10.17"]
[SourceQuality "1"]
[WhiteTeam "Teruel"]
[BlackTeam "El Olivar"]
[WhiteTeamCountry "ESP"]
[BlackTeamCountry "ESP"]

1. d4 Nf6 2. c4 e6 3. Nc3 Bb4 4. Qc2 b6 5. e4 c5 6. d5 Qe7 7. Be2 d6 8. Nf3 0-0 9. 0-0 Bxc3 10. bxc3 exd5 11. exd5 Bg4 12. Be3 Nbd7 13. Rfe1 Rfe8 14. Bd2 Qf8 15. h3 Bh5 16. g4 Bg6 17. Bd3 Rxe1+ 18. Rxe1 Bxd3 19. Qxd3 Re8 20. Re2 Rxe2 21. Qxe2 Qe8 22. Qxe8+ Nxe8 23. Bf4 Kf8 24. Nd2 Ke7 25. Kg2 h6 26. Kf3 Ndf6 27. Ke3 Kd7 28. f3 b5 29. Kd3 Nc7 30. Ne4 Nxe4 31. fxe4 f6 32. cxb5 Nxb5 33. Kc4 a6 34. Be3 Na7 35. Kb3 Nc8 36. c4 Kc7 37. Bf4 Nb6 38. Bd2 Nd7 39. Bf4 1/2-1/2

[Event "Autonomico-chT"]
[Site "Aragon"]
[Date "2005.04.10"]
[Round "11.3"]
[White "Ramo Frontinan, Cristobal"]
[Black "Lopez Gracia, Fernando"]
[Result "1/2-1/2"]
[WhiteElo "2358"]
[BlackElo "2349"]
[PlyCount "105"]
[EventDate "2005.01.22"]
[EventType "team"]
[EventRounds "12"]
[EventCountry "ESP"]
[SourceTitle "EXT 2006"]
[Source "ChessBase"]
[SourceDate "2005.11.24"]
[SourceVersion "1"]
[SourceVersionDate "2005.11.24"]
[SourceQuality "1"]

1. Nf3 d5 2. b3 Nf6 3. Bb2 e6 4. e3 Be7 5. c4 0-0 6. Be2 b6 7. 0-0 Bb7 8. Nc3 c5 9. cxd5 Nxd5 10. Nxd5 Qxd5 11. d4 Bf6 12. Bc4 Qh5 13. Ne5 Qg5 14. Qg4 cxd4 15. Qxg5 Bxg5 16. Bxd4 Nc6 17. Nxc6 Bxc6 18. Rac1 Bb7 19. f4 Bf6 20. Bxf6 gxf6 21. f5 e5 22. Rfd1 Rfd8 23. Bxf7+ Kxf7 24. Rxd8 Rxd8 25. Rc7+ Kg8 26. Rxb7 Rd1+ 27. Kf2 Rd2+ 28. Kf3 Rxa2 29. h4 h5 30. Rb8+ Kg7 31. Rb7+ Kg8 32. g4 Rh2 33. gxh5 Rxh4 34. Rxa7 e4+ 35. Kg3 Rxh5 36. Kg4 Rg5+ 37. Kf4 Rh5 38. Rb7 Rh4+ 39. Kg3 Rh1 40. Rxb6 Rf1 41. Rxf6 Rf3+ 42. Kg4 Rxe3 43. Rb6 Re1 44. Kg5 e3 45. Kf6 Rb1 46. Re6 Rxb3 47. Kg6 Kf8 48. f6 e2 49. Rxe2 Rg3+ 50. Kf5 Kf7 51. Re7+ Kf8 52. Re6 Kf7 53. Ra6 1/2-1/2

[Event "ESP-chT fin"]
[Site "Sanxenxo"]
[Date "2003.11.19"]
[Round "3"]
[White "Ramo Frontinan, Cristobal"]
[Black "Comas Fabrego, Luis"]
[Result "1/2-1/2"]
[WhiteElo "2317"]
[BlackElo "2502"]
[PlyCount "67"]
[EventDate "2003.11.17"]
[EventType "team"]
[EventRounds "6"]
[EventCountry "ESP"]
[SourceTitle "CBM 097 Extra"]
[Source "ChessBase"]
[SourceDate "2004.01.13"]
[SourceVersion "1"]
[SourceVersionDate "2004.01.13"]
[SourceQuality "1"]

1. Nf3 c5 2. e4 e6 3. d3 Nc6 4. g3 g6 5. Bg2 Bg7 6. 0-0 Nge7 7. Nbd2 d6 8. c3 0-0 9. a4 e5 10. Nh4 Kh8 11. f4 exf4 12. gxf4 f5 13. Ndf3 Rb8 14. Be3 b6 15. Kh1 fxe4 16. dxe4 d5 17. Qc2 dxe4 18. Qxe4 Qd5 19. Ng5 Qxe4 20. Bxe4 Bf6 21. Rae1 Ba6 22. Rg1 Bc4 23. Nhf3 Bd5 24. Rd1 Bxe4 25. Nxe4 Nf5 26. Bf2 Be7 27. Ne5 Nxe5 28. fxe5 Rbd8 29. a5 Kg7 30. axb6 axb6 31. b4 cxb4 32. cxb4 Bxb4 33. Bxb6 Rxd1 34. Rxd1 1/2-1/2

[Event "ESP-chT fin"]
[Site "Sanxenxo"]
[Date "2003.11.18"]
[Round "2"]
[White "Pomes Marcet, Juan"]
[Black "Ramo Frontinan, Cristobal"]
[Result "1/2-1/2"]
[WhiteElo "2379"]
[BlackElo "2317"]
[PlyCount "140"]
[EventDate "2003.11.17"]
[EventType "team"]
[EventRounds "6"]
[EventCountry "ESP"]
[SourceTitle "CBM 097 Extra"]
[Source "ChessBase"]
[SourceDate "2004.01.13"]
[SourceVersion "1"]
[SourceVersionDate "2004.01.13"]
[SourceQuality "1"]

1. d4 d6 2. c4 e5 3. Nc3 Nd7 4. Nf3 Ngf6 5. g3 g6 6. Bg2 Bg7 7. 0-0 0-0 8. e4 exd4 9. Nxd4 a5 10. h3 Nc5 11. Re1 Nfd7 12. f4 a4 13. Be3 Re8 14. Rb1 c6 15. b3 axb3 16. axb3 Ra3 17. Bf2 Nf8 18. Qc2 f5 19. e5 dxe5 20. Nxc6 Qd3 21. Qd1 Nfe6 22. Nb5 Rxb3 23. Qxd3 Rxd3 24. Nxe5 Rd2 25. Be3 Rdd8 26. Bd5 Kf8 27. Nc7 Re7 28. Nxe6+ Nxe6 29. Rb6 Ke8 30. Reb1 Nf8 31. Bxb7 Bxe5 32. fxe5 Bxb7 33. Rxb7 Rxe5 34. Bf4 Re4 35. c5 Ne6 36. Bd6 Rd7 37. Rb8+ Kf7 38. R1b7 Rxb7 39. Rxb7+ Ke8 40. Re7+ Kd8 41. Rxh7 Rc4 42. Rh6 Nxc5 43. Rxg6 Ne4 44. Bf4 Ke7 45. h4 Kf7 46. Ra6 Nf6 47. Kf2 Rc2+ 48. Ke1 Rh2 49. Ra7+ Kg6 50. Be5 Ng4 51. Bf4 Nf6 52. Kf1 Ng4 53. Kg1 Rb2 54. Ra6+ Kh7 55. Ra5 Rb1+ 56. Kg2 Rb2+ 57. Kf1 Kg6 58. h5+ Kf6 59. Ra6+ Kf7 60. h6 Rh2 61. Kg1 Rh5 62. Kg2 Kg8 63. Kf1 Kh7 64. Ra7+ Kh8 65. Ke2 Nxh6 66. Kd3 Ng4 67. Kd4 Rh7 68. Ra8+ Kg7 69. Kd5 Kf7 70. Ra5 Rh1 1/2-1/2

[Event "Aragon-chT"]
[Site "Aragon"]
[Date "2003.02.22"]
[Round "5"]
[White "Soriano Ascaso, Ignacio"]
[Black "Ramo Frontinan, Cristobal"]
[Result "1-0"]
[WhiteElo "2183"]
[BlackElo "2342"]
[PlyCount "55"]
[EventDate "2003.02.??"]
[EventType "team"]
[EventRounds "9"]
[EventCountry "ESP"]
[SourceTitle "EXT 2004"]
[Source "ChessBase"]
[SourceDate "2003.11.25"]
[SourceVersion "1"]
[SourceVersionDate "2003.11.25"]
[SourceQuality "1"]

1. e4 d6 2. d4 Nf6 3. Nc3 Nbd7 4. f4 e5 5. Nf3 exd4 6. Qxd4 c6 7. Be3 d5 8. exd5 Bc5 9. Qd3 Qe7 10. Nd4 Nxd5 11. Nxd5 cxd5 12. Nf5 Qf6 13. Bxc5 Nxc5 14. Qb5+ Nd7 15. Bd3 0-0 16. Qxd5 Re8+ 17. Kd2 Qxb2 18. Rab1 Qf6 19. Rhe1 Re6 20. g4 h6 21. h4 g5 22. hxg5 hxg5 23. Rh1 gxf4 24. Rh6 Qe5 25. Rbh1 Qb2 26. Rxe6 Qb4+ 27. c3 Qb2+ 28. Bc2 1-0

[Event "Aragon-chT"]
[Site "Aragon"]
[Date "2003.02.15"]
[Round "4"]
[White "Aguirre Izaguirre, Pedro Jose"]
[Black "Ramo Frontinan, Cristobal"]
[Result "1/2-1/2"]
[WhiteElo "2247"]
[BlackElo "2342"]
[PlyCount "150"]
[EventDate "2003.02.??"]
[EventType "team"]
[EventRounds "9"]
[EventCountry "ESP"]
[SourceTitle "EXT 2004"]
[Source "ChessBase"]
[SourceDate "2003.11.25"]
[SourceVersion "1"]
[SourceVersionDate "2003.11.25"]
[SourceQuality "1"]

1. c4 g6 2. g3 Bg7 3. Bg2 d6 4. e4 e5 5. Ne2 Ne7 6. Nbc3 0-0 7. 0-0 Nd7 8. Rb1 a5 9. a3 f5 10. d3 c6 11. Be3 Nf6 12. f3 Be6 13. Kh1 d5 14. cxd5 cxd5 15. d4 dxe4 16. fxe4 exd4 17. Bxd4 fxe4 18. Bxf6 Rxf6 19. Rxf6 Bxf6 20. Bxe4 Qxd1+ 21. Rxd1 Bg4 22. Rd6 Rf8 23. Rb6 Bg5 24. Rxb7 Rf2 25. h4 Bf6 26. Nf4 Nf5 27. Bd5+ Kh8 28. Ne6 Be5 29. Ng5 Rf1+ 30. Kh2 Bxg3+ 31. Kg2 Rf2+ 32. Kg1 Ng7 33. Nce4 Rf5 34. Nxg3 Rxd5 35. Rb8+ Ne8 36. Rxe8+ Kg7 37. N3e4 Rd7 38. Nf2 Bf5 39. Rb8 a4 40. Rb4 Bc2 41. Nf3 Ra7 42. Nd4 Bb1 43. Nb5 Ra5 44. Kf1 h6 45. Ke1 g5 46. hxg5 hxg5 47. Kd2 Bg6 48. Nc3 Be8 49. Re4 Kf7 50. Nd3 Ra8 51. Nc5 Bc6 52. Rg4 Kf6 53. N3e4+ Kf5 54. Rxg5+ Kf4 55. Rh5 Rd8+ 56. Ke2 Rb8 57. Rh4+ Ke5 58. Nxa4 Bxa4 59. b4 Bc6 60. Nc5 Ra8 61. Rh3 Kd5 62. Rc3 Bb5+ 63. Kd2 Rh8 64. Kc2 Bc4 65. Kb2 Rh2+ 66. Rc2 Rh3 67. Rd2+ Kc6 68. a4 Re3 69. Rd4 Bd5 70. Nd3 Re2+ 71. Kc3 Be4 72. Rc4+ Kb6 73. a5+ Kb5 74. Rc5+ Ka6 75. Re5 Bxd3 1/2-1/2

[Event "Aragon-chT sf"]
[Site "Aragon"]
[Date "2003.??.??"]
[Round "?"]
[White "Ramo Frontinan, Cristobal"]
[Black "Lasanta Rica, Cesar"]
[Result "1/2-1/2"]
[WhiteElo "2339"]
[BlackElo "2282"]
[PlyCount "47"]
[EventDate "2003.03.??"]
[EventType "team"]
[EventRounds "1"]
[EventCountry "ESP"]
[SourceTitle "EXT 2004"]
[Source "ChessBase"]
[SourceDate "2003.11.25"]
[SourceVersion "1"]
[SourceVersionDate "2003.11.25"]
[SourceQuality "1"]

1. Nf3 c5 2. c4 Nf6 3. Nc3 d5 4. cxd5 Nxd5 5. d4 Nxc3 6. bxc3 g6 7. e3 Bg7 8. Bd3 0-0 9. 0-0 Nc6 10. Rb1 cxd4 11. cxd4 b6 12. Ba3 Bb7 13. Qa4 a6 14. Qb3 b5 15. Bc5 Na5 16. Qb4 Re8 17. e4 Nc6 18. Qb2 Rb8 19. Rfd1 e6 20. h4 Na5 21. Qe2 f5 22. Rbc1 fxe4 23. Bxe4 Bd5 24. Ne5 1/2-1/2

[Event "ESP-chT1"]
[Site "Mondariz"]
[Date "2002.09.13"]
[Round "5.2"]
[White "Ramo Frontinan, Cristobal"]
[Black "De la Villa Garcia, Jesus Maria"]
[Result "0-1"]
[WhiteElo "2346"]
[BlackElo "2441"]
[PlyCount "80"]
[EventDate "2002.09.04"]
[EventType "team"]
[EventRounds "6"]
[EventCountry "ESP"]
[SourceTitle "CBM 090 Extra"]
[Source "ChessBase"]
[SourceDate "2002.11.07"]
[SourceVersion "1"]
[SourceVersionDate "2002.11.07"]
[SourceQuality "1"]

1. Nf3 g6 2. e4 c5 3. c3 Bg7 4. d4 cxd4 5. cxd4 d5 6. exd5 Nf6 7. Nc3 0-0 8. Qb3 Nbd7 9. d6 exd6 10. Be2 Nb6 11. d5 Nfxd5 12. Nxd5 Be6 13. Bg5 Bxd5 14. Qb4 Qe8 15. Be3 Qe4 16. Qxe4 Bxe4 17. Rd1 Bxb2 18. Rxd6 Nd5 19. Bh6 Bg7 20. Bxg7 Kxg7 21. 0-0 Nc3 22. Bc4 Bxf3 23. gxf3 Rfd8 24. Rxd8 Rxd8 25. Re1 b5 26. Bb3 Kf6 27. Re3 b4 28. a3 a5 29. axb4 axb4 30. Kg2 h5 31. f4 Rd4 32. f5 Nd5 33. Rf3 g5 34. Bc2 Rc4 35. Bb3 Nf4+ 36. Kg3 h4+ 37. Kg4 Rd4 38. h3 Rd3 39. Rxd3 Nxd3 40. f3 Ne5+ 0-1

[Event "Aragon op"]
[Site "Aragon"]
[Date "2002.??.??"]
[Round "3"]
[White "Egido Fernandez, Fernando"]
[Black "Ramo Frontinan, Cristobal"]
[Result "0-1"]
[WhiteElo "2122"]
[BlackElo "2342"]
[PlyCount "47"]
[EventDate "2002.??.??"]
[EventType "swiss"]
[EventRounds "9"]
[EventCountry "ESP"]
[SourceTitle "EXT 2007"]
[Source "ChessBase"]
[SourceDate "2006.11.23"]
[SourceVersion "1"]
[SourceVersionDate "2006.11.23"]
[SourceQuality "1"]

1. e4 d6 2. d4 Nf6 3. Nc3 Nbd7 4. Bg5 e5 5. Nf3 Be7 6. dxe5 dxe5 7. Bc4 c6 8. a3 Qc7 9. h3 Nc5 10. Qe2 0-0 11. 0-0 b5 12. Ba2 a5 13. b4 Ne6 14. Rfb1 h6 15. Be3 Rd8 16. Nd1 axb4 17. axb4 Ra4 18. Bxe6 Bxe6 19. Rxa4 bxa4 20. Nd2 a3 21. c3 c5 22. Qa6 a2 23. Ra1 cxb4 24. cxb4 0-1

[Event "Aragon op"]
[Site "Aragon"]
[Date "2002.??.??"]
[Round "8"]
[White "Garza Marco, Sergio"]
[Black "Ramo Frontinan, Cristobal"]
[Result "1-0"]
[WhiteElo "2410"]
[BlackElo "2342"]
[PlyCount "81"]
[EventDate "2002.??.??"]
[EventType "swiss"]
[EventRounds "9"]
[EventCountry "ESP"]
[SourceTitle "EXT 2007"]
[Source "ChessBase"]
[SourceDate "2006.11.23"]
[SourceVersion "1"]
[SourceVersionDate "2006.11.23"]
[SourceQuality "1"]

1. d4 d6 2. e4 Nf6 3. Nc3 Nbd7 4. f4 e5 5. Nf3 exd4 6. Qxd4 c6 7. Be3 d5 8. e5 Ng4 9. Bg1 Bc5 10. Qd2 Bxg1 11. Rxg1 Qb6 12. 0-0-0 Nxh2 13. Nd4 Nc5 14. f5 Nxf1 15. Rgxf1 Qc7 16. Qg5 f6 17. exf6 0-0 18. Rde1 Qf7 19. Ne6 Qxf6 20. Qxf6 Rxf6 21. Nxc5 Bxf5 22. Nxb7 Raf8 23. Nc5 h5 24. Ne2 Bg4 25. Rxf6 Rxf6 26. Nd3 c5 27. Nc3 d4 28. Ne4 Ra6 29. Nexc5 Rxa2 30. Kb1 Ra5 31. Re4 Rb5 32. Rxd4 Rb8 33. Ne5 Bf5 34. Rd5 g6 35. Kc1 Kg7 36. Nf3 Rb4 37. Nd4 Bg4 38. c3 Rb6 39. Ne4 Ra6 40. Kb1 Kh6 41. c4 1-0

[Event "Aragon op"]
[Site "Aragon"]
[Date "2002.??.??"]
[Round "6"]
[White "Ramo Frontinan, Cristobal"]
[Black "Ramon Perez, Jose Luis"]
[Result "0-1"]
[WhiteElo "2342"]
[BlackElo "2268"]
[PlyCount "60"]
[EventDate "2002.??.??"]
[EventType "swiss"]
[EventRounds "9"]
[EventCountry "ESP"]
[SourceTitle "EXT 2007"]
[Source "ChessBase"]
[SourceDate "2006.11.23"]
[SourceVersion "1"]
[SourceVersionDate "2006.11.23"]
[SourceQuality "1"]

1. Nf3 d5 2. g3 c5 3. Bg2 Nc6 4. 0-0 e5 5. d3 Nf6 6. Nbd2 Bg4 7. e4 d4 8. a4 Nd7 9. Nc4 Be7 10. h3 Be6 11. b3 g5 12. Nh2 h5 13. f4 h4 14. Nxe5 Ndxe5 15. fxe5 hxg3 16. Ng4 Qd7 17. Qf3 0-0-0 18. Qxg3 Rh5 19. Bd2 Rdh8 20. Be1 Rh4 21. Nf2 g4 22. Nxg4 Bxg4 23. hxg4 Rxg4 24. Qf3 Rhg8 25. Rf2 Bh4 26. Re2 Nxe5 27. Qf1 Bg5 28. Bd2 Bxd2 29. Rxd2 Rg3 30. Rf2 Qh3 0-1

[Event "Aragon op"]
[Site "Aragon"]
[Date "2002.??.??"]
[Round "5"]
[White "Ramo Frontinan, Cristobal"]
[Black "Roche Simon, Manuel Angel"]
[Result "1-0"]
[WhiteElo "2342"]
[BlackElo "2196"]
[PlyCount "53"]
[EventDate "2002.??.??"]
[EventType "swiss"]
[EventRounds "9"]
[EventCountry "ESP"]
[SourceTitle "EXT 2007"]
[Source "ChessBase"]
[SourceDate "2006.11.23"]
[SourceVersion "1"]
[SourceVersionDate "2006.11.23"]
[SourceQuality "1"]

1. Nf3 c5 2. g3 Nc6 3. Bg2 e5 4. e4 g6 5. 0-0 Bg7 6. d3 Nge7 7. c3 0-0 8. Nbd2 b5 9. a4 b4 10. Nc4 d5 11. exd5 Nxd5 12. cxb4 cxb4 13. Re1 Re8 14. Ng5 Nd4 15. Ne4 Be6 16. Nc5 Rc8 17. Nb7 Qc7 18. Nbd6 b3 19. Nxe8 Rxe8 20. Rb1 Rd8 21. Bd2 Nb6 22. Nxb6 axb6 23. Bg5 f6 24. Be3 Nc2 25. Rc1 Bf5 26. Qd2 Rxd3 27. Qb4 1-0

[Event "ESP-chT2"]
[Site "Vila Real"]
[Date "2001.08.14"]
[Round "2"]
[White "Vehi Bach, Victor Manuel"]
[Black "Ramo Frontinan, Cristobal"]
[Result "1/2-1/2"]
[WhiteElo "2450"]
[BlackElo "2334"]
[PlyCount "67"]
[EventDate "2001.08.13"]
[EventType "team"]
[EventRounds "7"]
[EventCountry "ESP"]
[SourceTitle "EXT 2002"]
[Source "ChessBase"]
[SourceDate "2001.11.25"]
[SourceVersion "1"]
[SourceVersionDate "2001.11.25"]
[SourceQuality "1"]

1. e4 e5 2. Nf3 d6 3. d4 Nf6 4. Nc3 Nbd7 5. Bc4 Be7 6. 0-0 0-0 7. Re1 c6 8. a4 b6 9. Ba2 a6 10. h3 Bb7 11. dxe5 dxe5 12. Nh4 Bb4 13. Qf3 Ne8 14. Qg3 Kh8 15. Bg5 Be7 16. Bxe7 Qxe7 17. Nf5 Qf6 18. Rad1 Nc5 19. Ne3 Bc8 20. b4 Nd7 21. Bb3 b5 22. axb5 axb5 23. Ne2 Qe7 24. c3 Ndf6 25. Qf3 Nd6 26. Ng3 Ra3 27. Rb1 Be6 28. Ngf5 Nxf5 29. Nxf5 Bxf5 30. exf5 e4 31. Qe3 Qe5 32. g4 Re8 33. Qc1 Ra7 34. Qd2 1/2-1/2

[Event "ESP-chT"]
[Site "Barcelona"]
[Date "2000.08.13"]
[Round "9"]
[White "Matamoros Franco, Carlos S"]
[Black "Ramo Frontinan, Cristobal"]
[Result "1/2-1/2"]
[WhiteElo "2467"]
[BlackElo "2366"]
[PlyCount "51"]
[EventDate "2000.08.05"]
[EventType "team"]
[EventRounds "9"]
[EventCountry "ESP"]
[SourceTitle "CBM 077 Extra"]
[Source "ChessBase"]
[SourceDate "2000.09.14"]
[SourceVersion "1"]
[SourceVersionDate "2000.09.14"]
[SourceQuality "1"]

1. c4 g6 2. g3 Bg7 3. Bg2 d6 4. d4 Nd7 5. Nf3 e5 6. Nc3 Ne7 7. 0-0 0-0 8. b3 exd4 9. Nxd4 c5 10. Ndb5 a6 11. Nxd6 Bxc3 12. Bh6 Bg7 13. Bxg7 Kxg7 14. Nxb7 Bxb7 15. Bxb7 Ra7 16. Bg2 Nf6 17. Qc2 Rd7 18. Rad1 Nf5 19. e3 h5 20. a3 a5 21. Bh3 Rxd1 22. Rxd1 Qc8 23. Qc3 Rd8 24. Rd5 Rxd5 25. cxd5 Qd8 26. Qxc5 1/2-1/2

[Event "ESP-chT"]
[Site "Barcelona"]
[Date "2000.08.07"]
[Round "3"]
[White "Cardenas Valero, Joaquin"]
[Black "Ramo Frontinan, Cristobal"]
[Result "0-1"]
[WhiteElo "2211"]
[BlackElo "2366"]
[PlyCount "80"]
[EventDate "2000.08.05"]
[EventType "team"]
[EventRounds "9"]
[EventCountry "ESP"]
[SourceTitle "CBM 077 Extra"]
[Source "ChessBase"]
[SourceDate "2000.09.14"]
[SourceVersion "1"]
[SourceVersionDate "2000.09.14"]
[SourceQuality "1"]

1. d4 g6 2. e4 c6 3. Nc3 d5 4. e5 h5 5. f4 Nh6 6. Nf3 Bg4 7. Bd3 e6 8. h3 Bxf3 9. Qxf3 h4 10. Ne2 Nf5 11. c3 Be7 12. Bd2 Qb6 13. 0-0-0 c5 14. g4 hxg3 15. dxc5 Bxc5 16. Bxf5 gxf5 17. Nxg3 Nd7 18. h4 0-0-0 19. h5 Rh6 20. Rh2 Rg8 21. b4 Be7 22. Be3 Qc7 23. Kb2 f6 24. exf6 Bxf6 25. Ne2 Rg4 26. Rg1 Qc4 27. Rxg4 fxg4 28. Qxg4 Qxb4+ 29. Kc1 Qe4 30. Qg1 Be7 31. Kd2 e5 32. f5 Ra6 33. Nc1 d4 34. cxd4 exd4 35. Bxd4 Bb4+ 36. Kd1 Qf3+ 37. Re2 Qxh5 38. Qg8+ Bf8 39. Qe6 Rxe6 40. fxe6 Nc5 0-1

[Event "Aragon-chT"]
[Site "Zaragoza"]
[Date "1999.12.03"]
[Round "6"]
[White "Hernando Garcia, Antonio"]
[Black "Ramo Frontinan, Cristobal"]
[Result "1-0"]
[WhiteElo "2201"]
[BlackElo "2375"]
[PlyCount "145"]
[EventDate "1999.11.??"]
[EventType "team"]
[EventRounds "9"]
[EventCountry "ESP"]
[SourceTitle "CBM 073 Extra"]
[Source "ChessBase"]
[SourceDate "2000.01.11"]
[SourceVersion "1"]
[SourceVersionDate "2000.01.11"]
[SourceQuality "1"]

1. Nf3 Nf6 2. c4 e6 3. Nc3 Bb4 4. d3 0-0 5. Bd2 d5 6. cxd5 exd5 7. a3 Bd6 8. Bg5 c6 9. e3 h6 10. Bh4 Re8 11. Be2 Nbd7 12. 0-0 b6 13. b4 Bb7 14. d4 a5 15. Qb3 b5 16. Bg3 axb4 17. axb4 Bxg3 18. hxg3 Qe7 19. Rfd1 Ng4 20. Rxa8 Rxa8 21. Ne1 Ndf6 22. Bxg4 Nxg4 23. Ne2 Bc8 24. Nf4 g5 25. Nfd3 Nxe3 26. fxe3 Qxe3+ 27. Kh2 Qxd4 28. Rc1 Bf5 29. Rxc6 Re8 30. Qc3 Qg4 31. Rxh6 d4 32. Qc6 Re3 33. Qf6 Qxg3+ 34. Kg1 Bh7 35. Qxd4 Re8 36. Rh3 Qc7 37. Qf6 g4 38. Qg5+ Bg6 39. Qxg4 Qc3 40. Qh4 Qa1 41. Kh2 Bf5 42. Rf3 Bg6 43. Rh3 Bf5 44. Qg5+ Bg6 45. Re3 Qh8+ 46. Kg3 Rxe3+ 47. Qxe3 Kh7 48. Qe5 Qg8 49. Nf4 Bf5+ 50. Kf2 Qg4 51. g3 Bg6 52. Nf3 Qd7 53. Ng5+ Kg8 54. Nxg6 Qd2+ 55. Kf3 Qd3+ 56. Kg2 fxg6 57. Ne6 Kf7 58. Nf4 Qd2+ 59. Kh3 Qxb4 60. Qe6+ Kg7 61. Qxg6+ Kf8 62. Qf6+ Ke8 63. g4 Qb3+ 64. Kh4 Qf3 65. Nh5 Qh1+ 66. Kg5 Qd5+ 67. Kh6 Qd2+ 68. g5 b4 69. Qe6+ Kd8 70. Nf6 Qh2+ 71. Kg7 Qc7+ 72. Kg8 Qa7 73. Qe8+ 1-0

[Event "ESP-chT Div 2"]
[Site "Cala Galdana"]
[Date "1999.11.16"]
[Round "9"]
[White "Ramo Frontinan, Cristobal"]
[Black "Campos Moreno, Javier B"]
[Result "1/2-1/2"]
[WhiteElo "2375"]
[BlackElo "2484"]
[PlyCount "84"]
[EventDate "1999.11.08"]
[EventType "team"]
[EventRounds "9"]
[EventCountry "ESP"]
[SourceTitle "CBM 073 Extra"]
[Source "ChessBase"]
[SourceDate "2000.01.11"]
[SourceVersion "1"]
[SourceVersionDate "2000.01.11"]
[SourceQuality "1"]

1. e4 c5 2. Nf3 Nc6 3. d3 g6 4. g3 Bg7 5. Bg2 Nf6 6. 0-0 0-0 7. c3 d5 8. Nbd2 b6 9. Re1 dxe4 10. dxe4 e5 11. Qc2 Ba6 12. Bf1 Bxf1 13. Nxf1 h6 14. Be3 Qd7 15. Nh4 Rfd8 16. f3 Qe6 17. b3 Rd7 18. Rad1 Rad8 19. Rxd7 Qxd7 20. Re2 Qd3 21. Rd2 Qxc2 22. Rxc2 Ne8 23. Rd2 Nd6 24. Kf2 c4 25. b4 f5 26. exf5 gxf5 27. Rc2 Kf7 28. Bc1 Ke6 29. a4 e4 30. f4 Bf6 31. Ng2 h5 32. Nge3 a6 33. h4 b5 34. a5 Nf7 35. Bb2 Nh6 36. Ke2 Rd3 37. Nd1 Ng4 38. Bc1 Rf3 39. Bd2 Ne7 40. Rc1 Nd5 41. Rc2 Be7 42. Rc1 Bd6 1/2-1/2

[Event "Autonomico-ch f"]
[Site "Aragon"]
[Date "1999.04.24"]
[Round "2"]
[White "Ramo Frontinan, Cristobal"]
[Black "Ricardi, Pablo"]
[Result "1/2-1/2"]
[WhiteElo "2375"]
[BlackElo "2527"]
[PlyCount "51"]
[EventDate "1999.04.17"]
[EventType "team"]
[EventRounds "3"]
[EventCountry "ESP"]
[SourceTitle "EXT 2001"]
[Source "ChessBase"]
[SourceDate "2000.11.22"]
[SourceVersion "1"]
[SourceVersionDate "2000.11.22"]
[SourceQuality "1"]

1. e4 Nf6 2. d3 d5 3. Nd2 c5 4. g3 Nc6 5. Bg2 g6 6. Ne2 Bg7 7. 0-0 0-0 8. h3 e5 9. exd5 Nxd5 10. Nc3 Nde7 11. Nde4 b6 12. f4 f5 13. Nf2 Bb7 14. Re1 Qd7 15. Ne2 Rae8 16. c3 Kh8 17. a3 Nd5 18. fxe5 Nxe5 19. d4 cxd4 20. Nxd4 Nc4 21. Rxe8 Rxe8 22. Nc2 Qd6 23. Qd3 Ne5 24. Qd1 Nc4 25. Qd3 Ne5 26. Qd1 1/2-1/2

[Event "Autonomico-ch f"]
[Site "Aragon"]
[Date "1999.04.17"]
[Round "1"]
[White "Cisneros Belenguer, Lucas"]
[Black "Ramo Frontinan, Cristobal"]
[Result "1/2-1/2"]
[WhiteElo "2290"]
[BlackElo "2375"]
[PlyCount "85"]
[EventDate "1999.04.17"]
[EventType "team"]
[EventRounds "3"]
[EventCountry "ESP"]
[SourceTitle "EXT 2001"]
[Source "ChessBase"]
[SourceDate "2000.11.22"]
[SourceVersion "1"]
[SourceVersionDate "2000.11.22"]
[SourceQuality "1"]

1. Nf3 g6 2. g3 Bg7 3. Bg2 d6 4. 0-0 e5 5. d3 Ne7 6. c4 0-0 7. Nc3 f5 8. Bd2 h6 9. Rb1 a5 10. a3 c6 11. b4 axb4 12. axb4 d5 13. cxd5 cxd5 14. e3 e4 15. Nd4 Nbc6 16. Nxc6 bxc6 17. d4 Ba6 18. Re1 Nc8 19. b5 cxb5 20. Nxb5 Rf7 21. Bf1 Nd6 22. Nxd6 Qxd6 23. Bb4 Qd8 24. Bxa6 Rxa6 25. Bc5 Bf8 26. Rb5 Bxc5 27. Rxc5 Ra5 28. Rc6 Kg7 29. Qc2 Qa8 30. h4 Ra1 31. Rxa1 Qxa1+ 32. Kg2 Qa5 33. Rc5 Qd8 34. Rc8 Qd7 35. Qc5 g5 36. h5 f4 37. exf4 gxf4 38. Rc6 f3+ 39. Kh2 Qf5 40. Rg6+ Kh7 41. g4 Qf4+ 42. Kh3 e3 43. Qc8 1/2-1/2